[Event "1st Spanish League"]
[Site "Linares"]
[Date "2017.08.14"]
[Round "1"]
[White "Bruzon Batista, Lazaro"]
[Black "Oparin, Grigoriy"]
[Result "1/2-1/2"]
[WhiteTitle "GM"]
[BlackTitle "GM"]
[WhiteElo "2643"]
[BlackElo "2609"]
[Board "1"]
[WhiteCountry "CUB"]
[WhiteFideId "3503739"]
[BlackCountry "RUS"]
[BlackFideId "24125890"]

1. d4 Nf6 2. Nf3 e6 3. c4 d5 4. Nc3 Be7 5. Bf4 O-O 6. e3 Nbd7 7. Qc2 c5 8.
cxd5 Nxd5 9. Nxd5 exd5 10. Bd3 Qa5+ 11. Qc3 Qxc3+ 12. bxc3 Nf6 13. O-O Ne4
14. Rfc1 Be6 15. Rab1 b6 16. h3 f6 17. a4 Bd6 18. Bxe4 Bxf4 19. Bxh7+ Kxh7
20. exf4 Bf5 21. Rb2 Be4 22. dxc5 Bxf3 23. gxf3 bxc5 24. Rd1 Rab8 25. Rxb8
Rxb8 26. Rxd5 Rb1+ 27. Kg2 Ra1 28. Rxc5 Rxa4 29. Kg3 a5 30. f5 Ra1 31. c4
a4 32. Ra5 a3 33. c5 Rc1 34. Rxa3 Rxc5 35. Kg4 Rc2 36. Kg3 Rc5 37. Kg4 Rc2
38. Kg3 1/2-1/2

[Event "1st Spanish League"]
[Site "Linares"]
[Date "2017.08.14"]
[Round "1"]
[White "Antipov, Mikhail Al."]
[Black "Cordova, Emilio"]
[Result "1/2-1/2"]
[WhiteTitle "GM"]
[BlackTitle "GM"]
[WhiteElo "2580"]
[BlackElo "2629"]
[Board "2"]
[WhiteCountry "RUS"]
[WhiteFideId "4107012"]
[BlackCountry "PER"]
[BlackFideId "3801497"]
[WhiteEloChange "1"]
[BlackEloChange "-1"]

1. e4 e5 2. Nf3 Nc6 3. Nc3 Nf6 4. Rb1 d6 5. g3 g6 6. Bg2 Bg7 7. O-O O-O 8.
b4 Be6 9. a4 Qc8 10. b5 Nd8 11. Ng5 Bg4 12. f3 Bd7 13. f4 exf4 14. gxf4 Ne6
15. Qf3 Nh5 16. Nxe6 fxe6 17. Qe3 Bh6 18. Ne2 e5 19. d4 Bxf4 20. Nxf4 Nxf4
21. dxe5 dxe5 22. Qc5 Bh3 23. Bxf4 exf4 24. Rb3 Bxg2 25. Qd5+ Kg7 26. Qe5+
Kg8 27. Qd5+ Kg7 28. Qe5+ Kg8 29. Qd5+ Kg7 30. Qe5+ Kg8 1/2-1/2

[Event "1st Spanish League"]
[Site "Linares"]
[Date "2017.08.14"]
[Round "1"]
[White "Volkov, Sergey"]
[Black "Perez Candelario, Manuel"]
[Result "0-1"]
[WhiteTitle "GM"]
[BlackTitle "GM"]
[WhiteElo "2637"]
[BlackElo "2586"]
[Board "3"]
[WhiteCountry "RUS"]
[WhiteFideId "4122763"]
[BlackCountry "ESP"]
[BlackFideId "2210622"]
[WhiteEloChange "-6"]
[BlackEloChange "6"]

1. d4 Nf6 2. c4 g6 3. Nc3 Bg7 4. e4 d6 5. Be2 O-O 6. Nf3 Nbd7 7. O-O e5 8.
Re1 Re8 9. Bf1 a5 10. d5 Nc5 11. Nd2 Bd7 12. Nb3 Nxb3 13. axb3 Rf8 14. g3
Ng4 15. f3 Nh6 16. Be3 f5 17. Qd2 f4 18. gxf4 exf4 19. Bxf4 Nf7 20. Bg2 g5
21. Be3 h6 22. f4 gxf4 23. Bxf4 Qh4 24. Bg3 Qg4 25. Nd1 Ne5 26. Nf2 Qg6 27.
Qe2 h5 28. Kh1 Qh6 29. Rf1 Ng6 30. Nd3 Bg4 31. Bf3 Rxf3 32. Rxf3 h4 33. Qf2
Bxf3+ 34. Qxf3 Rf8 35. Qg4 hxg3 36. Qxg3 Nf4 37. Nxf4 Rxf4 38. Rxa5 Rf1+
39. Kg2 Rf6 40. Ra8+ Kh7 41. Qd3 Rg6+ 42. Kf1 Qf4+ 43. Ke2 Qxh2+ 0-1

[Event "1st Spanish League"]
[Site "Linares"]
[Date "2017.08.14"]
[Round "1"]
[White "Santos Latasa, Jaime"]
[Black "Fernandez Romero, Ernesto"]
[Result "1/2-1/2"]
[WhiteTitle "IM"]
[BlackTitle "IM"]
[WhiteElo "2524"]
[BlackElo "2492"]
[Board "4"]
[WhiteCountry "ESP"]
[WhiteFideId "2293307"]
[BlackCountry "ESP"]
[BlackFideId "2214679"]

1. e4 e6 2. d4 d5 3. Nc3 Bb4 4. e5 Ne7 5. a3 Bxc3+ 6. bxc3 c5 7. Qg4 O-O 8.
Bd3 Nbc6 9. Nf3 f5 10. exf6 Rxf6 11. Bg5 Rf7 12. Qh5 g6 13. Qh4 Qa5 14. Bd2
c4 15. Be2 Nf5 16. Qg5 Nd6 17. h4 Ne4 18. Qe3 e5 19. dxe5 Qc7 20. h5 Nxe5
21. Qd4 Nxf3+ 22. gxf3 Nf6 23. hxg6 hxg6 24. Bg5 Qb6 25. Qxb6 axb6 26. Kd2
Bf5 27. Rhb1 Ra6 28. Be3 Nd7 29. Rb5 Nc5 30. Bxc5 bxc5 31. Rxc5 Rd7 32. a4
Kg7 33. Rb5 b6 1/2-1/2

[Event "1st Spanish League"]
[Site "Linares"]
[Date "2017.08.14"]
[Round "1"]
[White "Perera Borrego, Maria Adela"]
[Black "Hernandez Estevez, Yudania"]
[Result "1/2-1/2"]
[WhiteTitle "WFM"]
[BlackTitle "WIM"]
[WhiteElo "2116"]
[BlackElo "2211"]
[Board "5"]
[WhiteCountry "ESP"]
[WhiteFideId "22238255"]
[BlackCountry "ESP"]
[BlackFideId "2219344"]
[WhiteEloChange "3"]
[BlackEloChange "-3"]

1. d4 d5 2. c4 c6 3. cxd5 cxd5 4. Nc3 Nf6 5. Bf4 a6 6. e3 Nc6 7. Bd3 Bg4 8.
Nge2 e6 9. O-O Be7 10. Rc1 O-O 11. Na4 Nd7 12. a3 Bh5 13. b4 Bg6 14. Bxg6
hxg6 15. Qb3 Nb6 16. Nc5 Qc8 17. Rfd1 Nc4 18. Nd3 Qd7 19. Nc5 Qc8 20. Nd3
Qd7 21. Nc5 Qc8 1/2-1/2

[Event "1st Spanish League"]
[Site "Linares"]
[Date "2017.08.14"]
[Round "1"]
[White "Anton Guijarro, David"]
[Black "Nikolov, Momchil"]
[Result "1-0"]
[WhiteTitle "GM"]
[BlackTitle "GM"]
[WhiteElo "2654"]
[BlackElo "2585"]
[Board "1"]
[WhiteCountry "ESP"]
[WhiteFideId "2285525"]
[BlackCountry "BUL"]
[BlackFideId "2905710"]
[WhiteEloChange "4"]
[BlackEloChange "-4"]

1. Nf3 Nf6 2. c4 e6 3. Nc3 d5 4. d4 c5 5. e3 Nc6 6. cxd5 Nxd5 7. Bd3 cxd4
8. exd4 Be7 9. O-O O-O 10. Qe2 Nf6 11. Rd1 b6 12. Bg5 Bb7 13. a3 Rc8 14.
Bc2 Re8 15. h4 Nd5 16. Nxd5 exd5 17. Qd3 g6 18. b4 Rc7 19. Rac1 Qd6 20. Ba4
Rec8 21. Qd2 Bxg5 22. hxg5 Nd8 23. Rxc7 Rxc7 24. Ne5 Bc8 25. Re1 f6 26.
gxf6 Qxf6 27. Bb3 Be6 28. b5 Kg7 29. a4 Qf8 30. Nd3 Qd6 31. Nf4 Bf7 32. g3
Qa3 33. Bxd5 Bxd5 34. Nh5+ Kg8 35. Nf6+ Kf7 36. Nxd5 Rd7 37. Qf4+ Kg7 38.
Qe5+ 1-0

[Event "1st Spanish League"]
[Site "Linares"]
[Date "2017.08.14"]
[Round "1"]
[White "Espinosa Aranda, Angel"]
[Black "Cramling, Pia"]
[Result "1/2-1/2"]
[WhiteTitle "IM"]
[BlackTitle "GM"]
[WhiteElo "2454"]
[BlackElo "2448"]
[Board "3"]
[WhiteCountry "ESP"]
[WhiteFideId "2278189"]
[BlackCountry "SWE"]
[BlackFideId "1700030"]

1. e4 c5 2. Nc3 Nc6 3. Bb5 Nd4 4. Bc4 e6 5. Nge2 Ne7 6. Nxd4 cxd4 7. Ne2
Nc6 8. O-O Bc5 9. d3 O-O 10. a3 a6 11. Ba2 Kh8 12. Ng3 Qh4 13. f4 f5 14.
Bd2 d6 15. Qf3 Bd7 16. exf5 exf5 17. Rae1 Rae8 18. Rxe8 Rxe8 19. Re1 Rxe1+
20. Bxe1 Qe7 21. Qe2 Qxe2 22. Nxe2 Nd8 23. Bd5 Bc6 24. Bb3 d5 25. Bb4 Bxb4
26. axb4 Ne6 27. Kf2 Kg8 28. c4 dxc3 29. bxc3 Kf8 30. Ke3 Ke7 31. Nd4 Nxd4
32. Kxd4 Kd6 33. g3 b6 34. c4 1/2-1/2

[Event "1st Spanish League"]
[Site "Linares"]
[Date "2017.08.14"]
[Round "1"]
[White "Cano Sanchez, Josue"]
[Black "Rubio Mejia, Luis Ignacio"]
[Result "0-1"]
[WhiteTitle "FM"]
[BlackTitle "IM"]
[WhiteElo "2392"]
[BlackElo "2442"]
[Board "4"]
[WhiteCountry "ESP"]
[WhiteFideId "2224410"]
[BlackCountry "ESP"]
[BlackFideId "2281228"]
[WhiteEloChange "-9"]
[BlackEloChange "4"]

1. Nf3 Nf6 2. c4 b6 3. Nc3 Bb7 4. d4 e6 5. a3 d5 6. cxd5 Nxd5 7. e3 Be7 8.
Bb5+ c6 9. Bd3 Nd7 10. e4 Nxc3 11. bxc3 c5 12. O-O O-O 13. Bf4 Re8 14. Re1
Bf6 15. Bc4 Qc8 16. Qd3 Rd8 17. Qe2 Nf8 18. Rac1 a6 19. a4 Bc6 20. dxc5
bxc5 21. a5 Nd7 22. Bd6 g6 23. e5 Bg7 24. Ng5 h6 25. Nxe6 fxe6 26. Bxe6+
Kh7 27. Qg4 h5 28. Qh3 Re8 29. Bf7 Rxe5 30. Bxe5 Nxe5 31. Be6 Qf8 32. Re2
c4 33. Rf1 Nd3 0-1

[Event "1st Spanish League"]
[Site "Linares"]
[Date "2017.08.14"]
[Round "1"]
[White "Garcia Martin, Marta"]
[Black "Nicolas Zapata, Irene"]
[Result "1/2-1/2"]
[WhiteTitle "FM"]
[BlackTitle "WIM"]
[WhiteElo "2411"]
[BlackElo "2287"]
[Board "5"]
[WhiteCountry "ESP"]
[WhiteFideId "32084030"]
[BlackCountry "ESP"]
[BlackFideId "22247270"]
[WhiteEloChange "-2"]
[BlackEloChange "3"]

1. e4 c5 2. Nf3 Nc6 3. d4 cxd4 4. Nxd4 g6 5. c4 Nf6 6. Nc3 Nxd4 7. Qxd4 d6
8. Be2 Bg7 9. Be3 O-O 10. Qd2 a5 11. Rd1 Be6 12. O-O a4 13. f4 Qa5 14. Bd4
Rfc8 15. b3 axb3 16. axb3 Qb4 17. f5 Bd7 18. fxg6 hxg6 19. Bxf6 Bxf6 20.
Nd5 Qxd2 21. Nxf6+ exf6 22. Rxd2 Bc6 23. Rxd6 Ra2 24. Bf3 Kg7 25. b4 Rb2
26. b5 Be8 27. e5 fxe5 28. Bd5 Rc7 29. Re1 f6 30. Rb6 Bf7 31. Bxb7 Rxc4 32.
Bc6 f5 33. Rb7 Rcc2 34. Bd5 e4 35. Rxf7+ Kh6 36. Ra1 Rxg2+ 37. Kf1 Rbf2+
38. Ke1 Re2+ 39. Kf1 Ref2+ 40. Ke1 Rc2 41. Kf1 Rxh2 42. Kg1 Rcg2+ 43. Kf1
Rd2 44. Kg1 Rhg2+ 45. Kh1 Rgf2 46. Bc4 Rh2+ 47. Kg1 Rhg2+ 48. Kh1 Rh2+ 49.
Kg1 Rdg2+ 50. Kf1 Rc2 51. Kg1 Rcg2+ 1/2-1/2

[Event "1st Spanish League"]
[Site "Linares"]
[Date "2017.08.14"]
[Round "1"]
[White "Bernal Moro, Luis Javier"]
[Black "Granda Zuniga, Julio E"]
[Result "0-1"]
[WhiteTitle "IM"]
[BlackTitle "GM"]
[WhiteElo "2413"]
[BlackElo "2662"]
[Board "1"]
[WhiteCountry "ESP"]
[WhiteFideId "2200236"]
[BlackCountry "PER"]
[BlackFideId "3800024"]
[WhiteEloChange "-2"]
[BlackEloChange "2"]

1. c4 e5 2. Nc3 Nc6 3. Nf3 Nf6 4. a3 g6 5. e3 Qe7 6. d3 Bg7 7. Qc2 Nd8 8.
Be2 O-O 9. b3 c6 10. Bb2 d6 11. h3 Ne8 12. O-O-O f5 13. d4 e4 14. Nd2 Nc7
15. Kb1 Nf7 16. g4 d5 17. cxd5 cxd5 18. gxf5 Bxf5 19. h4 h5 20. Nf1 Nh6 21.
Ng3 Bg4 22. Rdf1 Rf7 23. Bxg4 Nxg4 24. Nd1 Qd6 25. Rhg1 Raf8 26. Rg2 Rf3
27. a4 R8f7 28. Ka2 Bf8 29. Qc1 Na6 30. Ba3 Qd8 31. Qd2 Bxa3 32. Kxa3 Qf8+
33. b4 Rc7 34. Nb2 Nxb4 35. Kb3 Nc2 0-1

[Event "1st Spanish League"]
[Site "Linares"]
[Date "2017.08.14"]
[Round "1"]
[White "Vazquez Igarza, Renier"]
[Black "Martin Fuentes, Alberto"]
[Result "1-0"]
[WhiteTitle "GM"]
[BlackTitle "FM"]
[WhiteElo "2574"]
[BlackElo "2405"]
[Board "2"]
[WhiteCountry "ESP"]
[WhiteFideId "3503054"]
[BlackCountry "ESP"]
[BlackFideId "2292289"]
[WhiteEloChange "3"]
[BlackEloChange "-3"]

1. d4 Nf6 2. Nf3 c5 3. c3 Qb6 4. e3 g6 5. Nbd2 Bg7 6. Qb3 d6 7. Be2 O-O 8.
O-O Be6 9. Bc4 Bxc4 10. Nxc4 Qxb3 11. axb3 Nc6 12. Rd1 Rfd8 13. Kf1 d5 14.
Nce5 Nxe5 15. Nxe5 Rdc8 16. f3 e6 17. Bd2 a6 18. Be1 Bf8 19. Bh4 Ne8 20.
Nd7 Rc6 21. dxc5 Bxc5 22. e4 dxe4 23. fxe4 h6 24. b4 Bf8 25. e5 b5 26. Bf2
Bg7 27. Rd3 Nc7 28. Rd6 Rxd6 29. exd6 Nd5 30. Nc5 Rd8 31. Rxa6 Bf8 32. d7
Bxc5 33. bxc5 Rxd7 34. Bd4 Kf8 35. c6 Rc7 36. Bc5+ Kg7 37. Bd6 Rc8 38. Ke2
Kf6 39. Kf3 e5 40. Ke4 Ke6 41. Bxe5 Nc7 42. Bxc7 Rxc7 43. Kd4 Kd6 44. b4
Rc8 45. c4 Rb8 46. g3 h5 47. h4 g5 48. hxg5 Rg8 49. g6 fxg6 50. cxb5 Rb8
51. Kc4 Re8 52. Ra7 Re4+ 53. Kb3 Re1 54. Rd7+ Ke6 55. b6 Rc1 56. b7 1-0

[Event "1st Spanish League"]
[Site "Linares"]
[Date "2017.08.14"]
[Round "1"]
[White "Tejedor Fuente, Enrique"]
[Black "Moreno Ruiz, Javier"]
[Result "1/2-1/2"]
[WhiteTitle "FM"]
[BlackTitle "IM"]
[WhiteElo "2361"]
[BlackElo "2460"]
[Board "3"]
[WhiteCountry "ESP"]
[WhiteFideId "2299100"]
[BlackCountry "ESP"]
[BlackFideId "2203146"]
[WhiteEloChange "3"]
[BlackEloChange "-1"]

1. e4 e5 2. Nf3 Nc6 3. Bb5 a6 4. Ba4 Nf6 5. d3 d6 6. c3 g6 7. O-O Bg7 8.
Be3 O-O 9. Nbd2 h6 10. h3 Qe7 11. Re1 Nd8 12. Bc2 Ne6 13. d4 Nh5 14. Bd3
Rd8 15. Bf1 c5 16. Nc4 Qc7 17. d5 Nf8 18. a4 Nf4 19. a5 g5 20. Nb6 Rb8 21.
Nd2 f5 22. b4 Nxh3+ 23. gxh3 f4 24. Bxc5 dxc5 25. bxc5 Qxc5 26. c4 Nd7 27.
Nb3 Qf8 28. Nxd7 Bxd7 29. Kg2 Qb4 30. Qf3 h5 31. c5 g4 32. Qd3 Ba4 33. Qc4
Qxb3 34. Qxb3 Bxb3 35. Ra3 Bc2 36. Ra2 Bb3 37. Ra3 Bc2 38. Ra2 1/2-1/2

[Event "1st Spanish League"]
[Site "Linares"]
[Date "2017.08.14"]
[Round "1"]
[White "Martin Duque, Jesus"]
[Black "Gonzalez Laso, Adrian"]
[Result "1-0"]
[WhiteTitle "FM"]
[WhiteElo "2386"]
[BlackElo "2210"]
[Board "4"]
[WhiteCountry "ESP"]
[WhiteFideId "2208954"]
[BlackCountry "ESP"]
[BlackFideId "22223860"]
[WhiteEloChange "5"]
[BlackEloChange "-5"]

1. e4 e6 2. d4 d5 3. Nd2 Nf6 4. e5 Nfd7 5. Bd3 c5 6. c3 Nc6 7. Ne2 cxd4 8.
cxd4 f6 9. exf6 Nxf6 10. O-O Bd6 11. Nf3 O-O 12. Nc3 a6 13. h3 Qc7 14. Be3
Bd7 15. Re1 Rae8 16. Rc1 Qb8 17. a3 b5 18. a4 Na5 19. axb5 axb5 20. b3 Rc8
21. Bd2 Qb6 22. Ra1 Bb4 23. Nb1 Bxd2 24. Nbxd2 Rc3 25. Re3 b4 26. Qe2 Rfc8
27. g4 Rc1+ 28. Rxc1 Rxc1+ 29. Kg2 Nb7 30. Ne5 Be8 31. g5 Nh5 32. Qg4 g6
33. Rf3 Nd8 34. Rf6 Nxf6 35. gxf6 Qa7 36. Ndf3 Bf7 37. Qf4 Rc7 38. h4 Nc6
39. h5 Nxe5 40. Nxe5 Rc3 41. Qh6 Be8 42. hxg6 hxg6 43. Bxg6 Bxg6 44. Qxg6+
Kf8 45. Qh6+ 1-0

[Event "1st Spanish League"]
[Site "Linares"]
[Date "2017.08.14"]
[Round "1"]
[White "Prado Acebo, Ines"]
[Black "Collazo Hidalgo-Gato, Niala"]
[Result "1-0"]
[WhiteTitle "WFM"]
[BlackTitle "WIM"]
[WhiteElo "2107"]
[BlackElo "2198"]
[Board "5"]
[WhiteCountry "ESP"]
[WhiteFideId "22251235"]
[BlackCountry "ESP"]
[BlackFideId "3504476"]
[WhiteEloChange "13"]
[BlackEloChange "-13"]

1. d4 d6 2. Nf3 Nd7 3. c4 g6 4. Nc3 Bg7 5. e4 e5 6. d5 a5 7. Bg5 Ngf6 8.
Bd3 Nc5 9. Bc2 h6 10. Be3 b6 11. h3 Nh5 12. O-O O-O 13. Qd2 g5 14. a3 Nf4
15. b4 Na6 16. Nh2 Bd7 17. Rfb1 h5 18. f3 Kh8 19. Ne2 Rg8 20. Nxf4 gxf4 21.
Bf2 Qf6 22. Bd3 Bh6 23. Kh1 Bg5 24. Qe1 Rg6 25. Ra2 a4 26. Rc2 Rag8 27. c5
Nb8 28. cxb6 cxb6 29. Bxb6 Bh4 30. Qf1 Bg3 31. Bg1 Qh4 32. Bb5 Qf6 33. Bxd7
Nxd7 34. b5 Nc5 35. b6 Rb8 36. Bxc5 dxc5 37. b7 Qe7 38. Qb5 Rgg8 39. Rxc5
Bf2 40. Rc2 Qh4 41. Qf1 Bd4 42. Qa6 Kh7 43. d6 Rg6 44. Qc4 Rg7 45. d7 f5
46. Qc7 Ba7 47. Qxe5 Rxb7 48. Qxf5+ Rg6 49. Rd1 Bb6 50. Rc6 Qg5 51. Qxg5
Rxg5 52. Rxb6 1-0

[Event "1st Spanish League"]
[Site "Linares"]
[Date "2017.08.14"]
[Round "1"]
[White "Glavina, Pablo"]
[Black "Van Kampen, Robin"]
[Result "0-1"]
[WhiteTitle "IM"]
[BlackTitle "GM"]
[WhiteElo "2400"]
[BlackElo "2643"]
[Board "1"]
[WhiteCountry "ARG"]
[WhiteFideId "100234"]
[BlackCountry "NED"]
[BlackFideId "1020854"]
[WhiteEloChange "-2"]
[BlackEloChange "2"]

1. c4 e5 2. Nc3 Nc6 3. e3 Nf6 4. Nf3 Bb4 5. Qc2 Bxc3 6. Qxc3 Qe7 7. d4 d6
8. Be2 Bg4 9. h3 Bh5 10. b4 e4 11. Ng1 a5 12. b5 Nb4 13. a3 Bxe2 14. axb4
Bd3 15. bxa5 d5 16. a6 bxa6 17. Rxa6 Rxa6 18. bxa6 Qe6 19. cxd5 Nxd5 20.
Qb3 Kd7 21. a7 Ra8 22. Qa2 Qc6 23. Ne2 Bxe2 0-1

[Event "1st Spanish League"]
[Site "Linares"]
[Date "2017.08.14"]
[Round "1"]
[White "Goni Navarro, Pablo"]
[Black "Andres Gonzalez, Alberto"]
[Result "1/2-1/2"]
[BlackTitle "IM"]
[WhiteElo "2132"]
[BlackElo "2517"]
[Board "3"]
[WhiteCountry "ESP"]
[WhiteFideId "22295720"]
[BlackCountry "ESP"]
[BlackFideId "2212595"]
[WhiteEloChange "8"]
[BlackEloChange "-4"]

1. c4 e5 2. g3 Nc6 3. Bg2 f5 4. Nc3 Nf6 5. e3 Bb4 6. Nge2 O-O 7. O-O a5 8.
a3 Bxc3 9. Nxc3 d6 10. d3 Be6 11. Nd5 Qd7 12. Bd2 a4 13. b4 axb3 14. Qxb3
Ra7 15. f4 exf4 16. gxf4 Ne7 17. Bc3 Ng4 18. Rfe1 c6 19. Nxe7+ Qxe7 20. h3
Nf6 21. Bf3 b5 22. Bd4 bxc4 23. dxc4 c5 24. Bxf6 Rxf6 25. Kh2 Rf7 26. Red1
Qc7 27. a4 Re7 28. Qd3 Ra6 29. Ra3 Bd7 30. a5 Rxa5 31. Rxa5 Qxa5 32. Qxd6
Kf8 33. Kg3 Be6 34. Bh5 g6 35. Bf3 Qc7 36. Kf2 1/2-1/2

[Event "1st Spanish League"]
[Site "Linares"]
[Date "2017.08.14"]
[Round "1"]
[White "Martinez Duany, Lelys Stanley"]
[Black "Chueca Lorente, Javier"]
[Result "1-0"]
[WhiteTitle "GM"]
[WhiteElo "2510"]
[BlackElo "2103"]
[Board "4"]
[WhiteCountry "CUB"]
[WhiteFideId "3504727"]
[BlackCountry "ESP"]
[BlackFideId "22216405"]
[WhiteEloChange "1"]
[BlackEloChange "-2"]

1. Nf3 c5 2. c4 g6 3. d4 cxd4 4. Nxd4 Bg7 5. e4 Nc6 6. Be3 Nf6 7. Nc3 d6 8.
Be2 O-O 9. O-O Bd7 10. h3 Nxd4 11. Bxd4 Bc6 12. Qc2 a5 13. Rad1 Qc7 14. Nd5
Bxd5 15. exd5 Nd7 16. Bxg7 Kxg7 17. h4 Rac8 18. b3 f5 19. Qb2+ Kg8 20. Rfe1
Nf6 21. Bf3 Rf7 22. Re6 Nd7 23. Rde1 Ne5 24. Be2 f4 25. Rxe5 dxe5 26. Bg4
Rf6 27. Bxc8 Qxc8 28. Qxe5 Qg4 29. f3 Qxh4 30. Qxe7 Qg3 31. Re5 Rf7 32. d6
Kg7 33. d7 1-0

[Event "1st Spanish League"]
[Site "Linares"]
[Date "2017.08.14"]
[Round "1"]
[White "Ortin Blanco, Ainhoa"]
[Black "Vega Gutierrez, Belinda"]
[Result "0-1"]
[BlackTitle "WIM"]
[WhiteElo "1961"]
[BlackElo "2178"]
[Board "5"]
[WhiteCountry "ESP"]
[WhiteFideId "32010117"]
[BlackCountry "ESP"]
[BlackFideId "2229994"]
[WhiteEloChange "-4"]
[BlackEloChange "4"]

1. d4 Nf6 2. c4 g6 3. Nc3 d5 4. cxd5 Nxd5 5. Bd2 Bg7 6. e4 Nb6 7. Be3 O-O
8. Bb5 Be6 9. Nge2 Nc4 10. Bc1 a6 11. Ba4 c5 12. d5 Bg4 13. Bb3 Nd6 14. h3
Bc8 15. O-O b5 16. Bc2 e5 17. dxe6 Bxe6 18. Be3 Qc7 19. Nd5 Bxd5 20. Qxd5
Nc4 21. Bxc5 Nb6 22. Bxb6 Qxb6 23. Rab1 Nc6 24. b4 Rfd8 25. Qg5 Nd4 26.
Nxd4 Rxd4 27. Bb3 Qd6 28. Bd5 Rc8 29. a3 Rc3 30. Ra1 h6 31. Qg4 Rd2 32.
Rad1 Rxd1 33. Rxd1 Qf6 34. Qd7 Rxa3 35. Qc6 Qxc6 36. Bxc6 a5 37. Bxb5 axb4
38. Bd3 b3 39. Kf1 b2 40. Ke2 Be5 41. g3 g5 42. Rb1 Kf8 43. Ke3 Ke7 44. f4
gxf4+ 45. gxf4 Bxf4+ 46. Kxf4 Rxd3 47. Rxb2 Rxh3 48. Kf5 Rh5+ 49. Kf4 Kf6
50. Rb6+ Kg7 51. Rb3 f6 52. Rg3+ Kf7 53. Rb3 Rh4+ 54. Kf5 Rh5+ 55. Kf4 Ra5
56. Rc3 h5 57. Rg3 Ke6 58. Rg2 h4 59. Rh2 Rh5 60. Rh3 Rh8 61. Kf3 Ke5 62.
Ke3 Rh5 63. Kf3 Kd4 64. Kf4 Re5 65. Rxh4 Rxe4+ 66. Kg3 Rxh4 67. Kxh4 Ke4
68. Kg3 f5 69. Kg2 Ke3 70. Kf1 Kf3 71. Kg1 Ke2 0-1

[Event "1st Spanish League"]
[Site "Linares"]
[Date "2017.08.15"]
[Round "2"]
[White "Oparin, Grigoriy"]
[Black "Van Kampen, Robin"]
[Result "1/2-1/2"]
[WhiteTitle "GM"]
[BlackTitle "GM"]
[WhiteElo "2609"]
[BlackElo "2643"]
[Board "1"]
[WhiteCountry "RUS"]
[WhiteFideId "24125890"]
[BlackCountry "NED"]
[BlackFideId "1020854"]

1. Nf3 Nf6 2. g3 d5 3. Bg2 Bg4 4. O-O Nbd7 5. d3 e5 6. c4 dxc4 7. dxc4 Bc5
8. h3 Bxf3 9. Bxf3 e4 10. Bg2 O-O 11. Nc3 Re8 12. Qc2 Qe7 13. b3 c6 14. Bb2
h5 15. Rad1 Bb6 16. Qc1 Nf8 17. Na4 Bc7 18. Qg5 N8h7 19. Qe3 b6 20. Rd2
Rad8 21. Rxd8 Qxd8 22. Nc3 h4 23. Rd1 Qb8 24. Nxe4 Nxe4 25. Bxe4 hxg3 26.
Bxh7+ Kxh7 27. Qg5 Be5 28. Rd7 Bxb2 29. Qh5+ Kg8 30. Qxf7+ Kh8 31. Qh5+
1/2-1/2

[Event "1st Spanish League"]
[Site "Linares"]
[Date "2017.08.15"]
[Round "2"]
[White "Perez Candelario, Manuel"]
[Black "Andres Gonzalez, Alberto"]
[Result "1/2-1/2"]
[WhiteTitle "GM"]
[BlackTitle "IM"]
[WhiteElo "2586"]
[BlackElo "2517"]
[Board "3"]
[WhiteCountry "ESP"]
[WhiteFideId "2210622"]
[BlackCountry "ESP"]
[BlackFideId "2212595"]
[WhiteEloChange "-1"]
[BlackEloChange "1"]

1. e4 c5 2. Nf3 e6 3. d4 cxd4 4. Nxd4 Nc6 5. Nc3 Qc7 6. Be3 a6 7. Qd2 Nf6
8. f4 Bb4 9. Bd3 d6 10. Nb3 Ne7 11. a3 Bxc3 12. Qxc3 Qxc3+ 13. bxc3 Bd7 14.
Na5 Bc6 15. Bd4 d5 16. exd5 Bxd5 17. O-O Nc6 18. Nxc6 Bxc6 19. f5 O-O 20.
Rae1 Bd7 21. fxe6 fxe6 22. Rf3 Rae8 23. Re5 Bc6 24. Rg3 Kf7 25. Reg5 g6 26.
Rh3 Rg8 27. Rh4 Ke7 28. Rf4 Nd7 29. Rh4 Nf6 30. Re5 Nh5 31. Re3 Kd8 32. g4
Nf4 33. Rxh7 Kc8 34. Be5 Nd5 35. Rf3 Ref8 36. Rff7 g5 37. Bc4 Rxf7 38. Rxf7
Rg6 39. Kf2 Rh6 40. Bxd5 Bxd5 41. Rg7 Rh3 42. Rxg5 Kd7 43. Bg3 Ke7 44. Ke3
Kf6 45. Rg8 Bc6 46. Kd4 Kf7 47. Rc8 Bf3 48. g5 Kg6 49. Rg8+ Kf7 50. Rd8 Kg6
51. Rf8 Bd1 52. Ke5 Bxc2 53. Kf4 Rh7 54. Rf6+ Kh5 55. h4 Bb3 56. Bf2 Bc4
57. Kg3 e5 58. Bc5 Bf7 59. Bd6 e4 60. Bf4 Bg6 61. Rd6 Rc7 62. Be5 Re7 63.
Kf4 e3 64. Rd1 e2 65. Re1 Bd3 66. a4 b5 67. axb5 axb5 68. Ke3 Bc4 69. Kf4
Bd3 70. Ke3 Bc4 71. Kf4 Bd3 72. Rg1 Re6 73. Ra1 Re7 74. Rg1 Re6 75. Re1 Re7
1/2-1/2

[Event "1st Spanish League"]
[Site "Linares"]
[Date "2017.08.15"]
[Round "2"]
[White "Martinez Duany, Lelys Stanley"]
[Black "Santos Latasa, Jaime"]
[Result "1-0"]
[WhiteTitle "GM"]
[BlackTitle "IM"]
[WhiteElo "2510"]
[BlackElo "2524"]
[Board "4"]
[WhiteCountry "CUB"]
[WhiteFideId "3504727"]
[BlackCountry "ESP"]
[BlackFideId "2293307"]
[WhiteEloChange "5"]
[BlackEloChange "-5"]

1. e4 g6 2. d4 Bg7 3. Nf3 d6 4. Bc4 a6 5. a4 b6 6. O-O e6 7. Re1 Ne7 8. Bb3
Nd7 9. Nbd2 O-O 10. Nf1 Bb7 11. Ng3 b5 12. c3 Nb6 13. a5 Nd7 14. h4 c5 15.
h5 Nc6 16. hxg6 hxg6 17. d5 exd5 18. Bxd5 Nxa5 19. Bg5 Qb6 20. Nh4 Bxd5 21.
Qxd5 Kh7 22. Be7 Rfe8 23. Bxd6 Nc4 24. e5 Ndxe5 25. Bxe5 Nxe5 26. Ne4 Kg8
27. Nd6 Rad8 28. Rxe5 Rf8 29. Nxg6 Qxd6 30. Qxd6 Rxd6 31. Ne7+ Kh7 32. Rxc5
Re8 33. Rh5+ Rh6 34. Rxh6+ Bxh6 35. Nf5 Re6 36. g4 Bg5 37. Kg2 Re2 38. Rb1
Rd2 39. Kf3 Kg6 40. Ng3 a5 41. Ne4 Rc2 42. b3 Be7 43. Ra1 Rb2 44. Rxa5 Rxb3
45. Ra6+ Kg7 46. Kf4 Rb2 47. Kf5 b4 48. cxb4 Rxb4 49. Ra7 Rb5+ 50. Kf4 Bf8
51. g5 Rb6 52. Kg4 Rb4 53. f3 Kg6 54. Ra8 Kg7 55. Re8 Rb7 56. Nf6 Rb4+ 57.
f4 Ra4 58. Nh5+ Kg8 59. Ng3 Rb4 60. Ra8 Kg7 61. Nf5+ Kg8 62. Nh6+ Kg7 63.
Ra7 Kg6 64. Nxf7 1-0